Songs from mother goose [
| Format: | Book |
|---|---|
| Published: |
Petaling Jaya :
Gremex Enterprise ,
19-
|
| Subjects: |
MARC
| LEADER | 00000cam a2200000 7i4500 | ||
|---|---|---|---|
| 001 | 0000002230 | ||
| 002 | 000002430 | ||
| 005 | 20021003.0 | ||
| 020 | |a 000002430 | ||
| 090 | 0 | 0 | |a J 398.8 |b SON |
| 245 | 1 | 0 | |a Songs from mother goose [ |h video recording] |
| 260 | |a Petaling Jaya : |b Gremex Enterprise , |c 19- | ||
| 300 | |a 1 Video recording VHS (30 minutes) : |b col..(PAL) | ||
| 500 | |a Library has 1 copy | ||
| 650 | 0 | 0 | |a Nursery rhymes |
| 999 | |a 00126 |b VIDEO |c KOLEKSI AUDIO VIDEO |e PERPUSTAKAAN KOMUNITI PETALING JAYA | ||